[Event "MCR mladeze 2021 - D12"]
  [Site "Kouty nad Desnou"]
  [Date "2021.06.22"]
  [Round "1"]
  [White "Bouchalova, Kveta"]
  [Black "Zadrapova, Amalie"]
  [Result "0-1"]
  [WhiteElo "1230"]
  [BlackElo "1471"]
  [EventDate "2021.06.22"]
    
  1. e4  c5  2. Nf3  d6
  3. d4  cxd4  4. Nxd4 Nf6 5. Nc3
  a6  6. Bc4  e6
  7. Bg5  Be7  8. Qd2  Bd7
  9. O-O-O  b5  10. Bb3
  b4  11. Bxf6  bxc3
  12. Qxc3  Bxf6  13. Qf3
  Nc6  14. c3  Nxd4
  15. cxd4  O-O  16. Kb1
  Qc7  17. Rc1  Qa7
  18. e5  dxe5  19. dxe5
  Bxe5  20. Bc2  Qd4
  21. Qa3  Rab8  22. Bb3
  Ba4  23. Rhd1  Qe4+
  24. Ka1  Bxb3  25. axb3
  Qb4  26. Qxb4  Rxb4
  27. g3  Rxb3  28. Rc5
  Bxb2+  29. Ka2  Rb4
  30. Rc6  a5  31. Rb1
  Rfb8  32. Rc2  Ra4# 0-1

[Event "MCR mladeze 2021 - D12"]
  [Site "Kouty nad Desnou"]
  [Date "2021.06.22"]
  [Round "1"]
  [White "Buchtova, Viktorie"]
  [Black "Kaplanova, Dominika"]
  [Result "1/2-1/2"]
  [WhiteElo "1432"]
  [BlackElo "1158"]
  [EventDate "2021.06.22"]
    
  1. e4  e5  2. Nf3  Nc6
  3. d4  exd4  4. c3
  d5  5. exd5  Qxd5
  6. cxd4  Bb4+  7. Nc3
  Be6  8. Be2  Bxc3+
  9. bxc3  Na5  10. O-O
  Ne7  11. Bf4  c6
  12. Re1  Ng6  13. Bg3
  O-O  14. Qd2  Nc4
  15. Qd3  b5  16. Nd2
  Bf5  17. Qf3  Nxd2
  18. Qxd5  cxd5  19. Bxb5
  Ne4  20. Bc7  Rac8
  21. Ba5  Nd6  22. Ba4
  a6  23. Bb4  Rfd8
  24. Ba5  Rf8  25. Bb4
  Rfd8  26. Ba5  Rf8
  27. Bb4  1/2-1/2

[Event "MCR mladeze 2021 - D12"]
  [Site "Kouty nad Desnou"]
  [Date "2021.06.22"]
  [Round "1"]
  [White "Svacinova, Valentyna"]
  [Black "Rybackova, Lucie"]
  [Result "0-1"]
  [WhiteElo "1128"]
  [BlackElo "1372"]
  [EventDate "2021.06.22"]
    
  1. e4  c5  2. Nc3  Nc6
  3. f4  d6  4. Nf3
  a6  5. Bc4  e6
  6. d3  Nf6  7. O-O  Be7
  8. Qe1  O-O  9. Qg3
  b5  10. Bb3  Qb6
  11. Be3  Nd4  12. f5
  b4  13. Na4  Ne2+
  14. Kf2  Nxg3  15. Nxb6
  Nxf1  16. Nxa8  Nxe3
  17. Kxe3  Bd8  18. Ng5
  h6  19. Nh3  exf5
  20. exf5  Bb7  21. Nf4
  Bxa8  22. Rd1  Ng4+
  23. Ke2  Bg5  24. Nd5
  Bxd5  25. Bxd5 Re8+  26. Kf1
  Ne3+  27. Ke2  Nxd1+
  28. Kxd1  Re5  29. Be4
  d5  30. Bf3  Rxf5
  31. Ke2  Re5+  32. Kf2
  d4  0-1

[Event "MCR mladeze 2021 - D12"]
  [Site "Kouty nad Desnou"]
  [Date "2021.06.22"]
  [Round "1"]
  [White "Barteckova, Valerie"]
  [Black "Kammova, Katerina"]
  [Result "1-0"]
  [WhiteElo "1292"]
  [BlackElo "1121"]
  [EventDate "2021.06.22"]
    
  1. e4  e6  2. d4  d5
  3. Nd2  Nf6  4. e5
  Nfd7  5. Bd3  c5
  6. c3  Nc6  7. Ne2
  Be7  8. Nf3  O-O
  9. O-O  Nb6  10. Be3
  c4  11. Bc2  Bd7
  12. Qb1  f5  13. exf6
  Rxf6  14. Bxh7+  Kh8
  15. Bc2  Nc8  16. Ng3
  Kg8  17. Bh7+  Kf8
  18. Nh5  Rf5  19. Bxf5
  exf5  20. Nf4  Bd6
  21. Nxd5  Be6  22. Nf4
  Bd7  23. Ng5  Kg8
  24. Nfe6  Qf6  25. d5
  Ne5  26. Bd4  Nb6
  27. Re1  Nxd5  28. Bxe5
  Bxe5  29. Nc5  Bxh2+
  30. Kxh2  Qd6+  31. Kg1
  Qxc5  32. Qd1  g6
  33. Qd2  Bc6  34. Rad1
  Qa5  35. a3  Kg7
  36. Qd4+  Kh6  37. Qh4+
  Kg7  38. Qh7+  Kf6
  39. Re6+  Kxg5  40. Qxg6+
  Kh4  41. Rd4+  f4
  42. g3+ 1-0

[Event "MCR mladeze 2021 - D12"]
  [Site "Kouty nad Desnou"]
  [Date "2021.06.22"]
  [Round "1"]
  [White "Dorazilova, Kristyna"]
  [Black "Horkova, Tereza"]
  [Result "1/2-1/2"]
  [WhiteElo "1105"]
  [BlackElo "1230"]
  [EventDate "2021.06.22"]
    
  1. e4  c5  2. Nc3  e6
  3. f4  Nc6  4. Bb5
  d5  5. Bxc6+  bxc6
  6. e5  Ne7  7. Nf3
  Ng6  8. d3  Be7
  9. O-O  O-O  10. Qe1  Rb8
  11. b3  Ba6  12. g3
  c4  13. dxc4  dxc4
  14. Rf2  Bb4  15. Bd2
  Qc7  16. Kh1  Rfd8
  17. Ne4  Bxd2  18. Rxd2
  c5  19. Kg1  Qb6
  20. Qf2  cxb3  21. axb3
  Bb7  22. Qe3  Bxe4
  23. Qxe4  Rxd2  24. Nxd2
  c4+  25. Kg2  cxb3
  26. Nxb3  Rd8  27. Kf3
  Ne7  28. Qa4  Nc6
  29. h3  h6  30. h4
  Qb7  31. Kg4  1/2-1/2

[Event "MCR mladeze 2021 - D12"]
  [Site "Kouty nad Desnou"]
  [Date "2021.06.22"]
  [Round "1"]
  [White "Brezikova, Beata"]
  [Black "Stavova, Lucie"]
  [Result "1-0"]
  [WhiteElo "1219"]
  [BlackElo "1105"]
  [EventDate "2021.06.22"]
    
  1. e4  e5  2. Nf3  Nc6
  3. d4  exd4  4. Bc4
  Bc5  5. c3  Qf6
  6. O-O  h6  7. Re1  d6
  8. Bb5  Nge7  9. cxd4
  Bb4  10. Nc3  O-O
  11. Qd3  Qg6  12. Ba4
  Bh3  13. Nh4  Qg4
  14. Qxh3  Qh5  15. a3
  Ba5  16. g4  Qxh4
  17. Qxh4  Nxd4  18. Qxe7
  Nf3+  19. Kf1  Nxh2+
  20. Kg2  Nxg4  21. Rh1
  Bb6  22. f3  Nf2
  23. Bxh6  Nxh1  24. Rxh1
  gxh6  25. Rxh6  Rfd8
  26. Qf6  Kf8  27. Rh8#
  1-0

[Event "MCR mladeze 2021 - D12"]
  [Site "Kouty nad Desnou"]
  [Date "2021.06.22"]
  [Round "1"]
  [White "Zilava, Lucie"]
  [Black "Slivova, Linda"]
  [Result "0-1"]
  [WhiteElo "1074"]
  [BlackElo "1150"]
  [EventDate "2021.06.22"]
    
  1. e4  c6  2. Nf3  d5
  3. e5  Bf5  4. d4
  e6  5. Nc3  Nd7
  6. Bf4  c5  7. Bb5  a6
  8. Bxd7+  Qxd7  9. dxc5
  Bxc5  10. O-O  Ne7
  11. Nh4  Bg6  12. Nxg6
  Nxg6  13. Bg3  O-O
  14. Qd2  Bb4  15. Rad1
  Rac8  16. a3  Bxc3
  17. bxc3  Rc4  18. Rfe1
  Rfc8  19. Re3  Qc7
  20. h3  Rxc3  21. Rxc3
  Qxc3  22. Qxc3  Rxc3
  23. a4  Rxc2  24. Rb1
  Rc7  25. Rb6  Rd7
  26. a5  d4  27. Kf1
  Kf8  28. f4  Ke8
  29. Bh2  Kd8  30. g3
  Kc8  31. Bg1  d3
  32. Ke1  Rd5  33. Rd6
  Rxa5  34. Bb6  Rd5
  35. Kd2  Rxd6  36. exd6
  Kd7  37. Bc7  e5
  38. f5  Nf8  39. Kxd3
  g6  40. f6  Ne6
  41. Bb8  b5  42. Kc3  a5
  43. Kb2  e4  44. Ba7
  Kxd6  45. Bb6  a4
  46. Ka3  Kc6  47. Be3
  Kd5  48. h4  Kc4
  49. Kb2  b4  50. Bd2
  Nd4  51. g4  Nf3
  52. Be3  Kd3  53. Bc5
  e3  54. Bxb4  e2
  55. Ka3  e1=Q  56. Bxe1
  Nxe1  57. Kxa4  Ke4
  58. Kb4  Kf4  59. Kc5
  Nd3+  60. Kd6  Ne5
  61. g5  Kf5  62. Kd5
  Nf3  63. Kd6  Kg4
  64. Ke7  Kxh4  65. Kxf7 Nxg5+
  66. Kg7  h5  67. Kxg6
  Kg4  68. Kh6  h4
  69. Kg6  h3  70. f7
  Nxf7  71. Kxf7  h2
  72. Kg6  h1=Q  73. Kg7
  Qc6  74. Kf7  Kf5
  75. Kg8  Qc7  76. Kf8
  Kf6  77. Kg8  Qg7# 0-1

[Event "MCR mladeze 2021 - D12"]
  [Site "Kouty nad Desnou"]
  [Date "2021.06.22"]
  [Round "1"]
  [White "Hladka, Leontyna"]
  [Black "Sochorova, Valentyna"]
  [Result "1-0"]
  [WhiteElo "1127"]
  [BlackElo "1053"]
  [EventDate "2021.06.22"]
    
  1. e4  d5  2. exd5  Nf6
  3. Nf3  Nxd5  4. d4
  Nc6  5. Bb5  Bg4
  6. Nc3  e6  7. O-O
  Bb4  8. Nxd5  Qxd5
  9. Bxc6+  Qxc6  10. c3
  Ba5  11. Bf4  Qe4
  12. Bg3  O-O  13. Re1
  Qg6  14. h3  Bh5
  15. Qe2  Rac8  16. Qe3
  Qc2  17. Qe5  Qf5
  18. Qxf5  exf5  19. Re5
  Bxf3  20. gxf3  Bb6
  21. Rxf5  c5  22. dxc5
  Rxc5  23. Rxc5  Bxc5
  24. Rd1  Re8  25. Kf1
  Re6  26. Rd7  Rb6
  27. b4  Bf8  28. Bb8
  Ra6  29. Rxb7  g6
  30. Rxa7  Rf6  31. Kg2
  Bd6  32. Bxd6  Rxd6
  33. Ra3  Rd3  34. Rb3
  Kf8  35. b5  Rd8
  36. b6  Rb8  37. a4
  Ke8  38. a5  Kd8
  39. a6  Rxb6  40. Rxb6
  Kc7  41. Rb3  Kc6
  42. a7  Kc5  43. a8=Q
  Kc4  44. Qa4+  1-0

[Event "MCR mladeze 2021 - D12"]
  [Site "Kouty nad Desnou"]
  [Date "2021.06.23"]
  [Round "2"]
  [White "Zadrapova, Amalie"]
  [Black "Hladka, Leontyna"]
  [Result "1-0"]
  [WhiteElo "1471"]
  [BlackElo "1127"]
  [EventDate "2021.06.22"]
    
  1. e4  Nf6  2. Nc3  e5
  3. Nf3  Nc6  4. d4
  exd4  5. Nxd4  d6
  6. Bc4  Ne5  7. Bb3
  Be7  8. h3  O-O
  9. Be3  Bd7  10. Qe2  a6
  11. f4  Ng6  12. g4
  c5  13. Nf5  Bxf5
  14. gxf5  Nh8  15. O-O-O
  Qc7  16. Nd5  Nxd5
  17. Bxd5  Bf6  18. h4
  h6  19. Rdg1  Rab8
  20. Rg3  Kh7  21. Rhg1
  Rg8  22. h5  Qe7
  23. Bd2  Qd8  24. Bc3
  Bxc3  25. Rxc3  Qf6
  26. Rcg3  Qh4  27. Rg4
  Qf6  28. e5  dxe5
  29. fxe5  Qd8  30. Qg2
  Qf8  31. Be4  g6
  32. fxg6+  fxg6  33. Bxg6+
  Nxg6  34. Rxg6  Rxg6
  35. Qxg6+  Kh8  36. Qf6+
  Qxf6  37. exf6  Rf8
  38. Rg6  Kh7  39. Kd2
  Rg8  40. Rxg8  Kxg8
  41. Ke3  Kf7  42. Ke4
  Kxf6  43. Kf4  a5
  44. b3  b6  45. c4
  Ke6  46. Ke4  Kf6
  47. Kd5  Kg5  48. Kc6
  Kxh5  49. Kxb6  Kg5
  50. Kxc5  h5  51. Kb6
  h4  52. c5  h3
  53. c6  h2  54. c7  h1=Q
  55. c8=Q  Qh6+  56. Qc6
  Qh3  57. Kxa5  Qh7
  58. Qc5+  Kf4  59. b4
  Qb1  60. a4  Qh7
  61. b5  Qh8  62. Qc7+
  Kf5  63. b6  1-0

[Event "MCR mladeze 2021 - D12"]
  [Site "Kouty nad Desnou"]
  [Date "2021.06.23"]
  [Round "2"]
  [White "Rybackova, Lucie"]
  [Black "Lackova, Ludmila"]
  [Result "1-0"]
  [WhiteElo "1372"]
  [BlackElo "1013"]
  [EventDate "2021.06.22"]
    
  1. e4  e5  2. Nf3  Nf6
  3. d4  Nxe4  4. Nxe5
  d5  5. Bd3  Bd6
  6. O-O  O-O  7. Nc3  Nxc3
  8. bxc3  Nd7  9. Nxd7
  Bxd7  10. Qh5  g6
  11. Qxd5  Qh4  12. g3
  Qh3  13. Qg2  Qxg2+
  14. Kxg2  Bc6+  15. f3
  Rfe8  16. Bh6  Re6
  17. c4  Bd7  18. c5
  Bf8  19. Bg5  Bg7
  20. c3  Rae8  21. Bc4
  Rc6  22. Bb5  Rxc5
  23. Bxd7  Rxg5  24. Bxe8
  c6  25. Rfe1  Rd5
  26. Re7  Rb5  27. Rae1
  Rb2+  28. R1e2  Rxe2+
  29. Rxe2  h5  30. Re7
  Kf8  31. Rxf7+  Kxe8
  32. Rxg7  Kf8  33. Rxb7
  a5  34. f4  Ke8
  35. Kf3  Kf8  36. Ke4  Ke8
  37. Ke5  Kd8  38. Rh7
  Ke8  39. Kd6  Kf8
  40. Kxc6  a4  41. d5
  Ke8  42. d6  Kd8
  43. Rh8#  1-0

[Event "MCR mladeze 2021 - D12"]
  [Site "Kouty nad Desnou"]
  [Date "2021.06.23"]
  [Round "2"]
  [White "Slivova, Linda"]
  [Black "Barteckova, Valerie"]
  [Result "1/2-1/2"]
  [WhiteElo "1150"]
  [BlackElo "1292"]
  [EventDate "2021.06.22"]
    
  1. f4  d5  2. Nf3  Nc6
  3. e3  Bg4  4. b3
  Nf6  5. Bb2  e6
  6. Bb5  a6  7. Bxc6+  bxc6
  8. O-O  Bd6  9. Qe1
  Bxf3  10. Rxf3  O-O
  11. Rh3  h6  12. d3
  Qe7  13. Qh4  e5
  14. Nd2  Rfe8  15. c4
  Qe6  16. Rf1  Qe7
  17. Rff3  exf4  18. Bxf6
  Qxf6  19. Qxf6  gxf6
  20. exf4  Bc5+  21. Kf1
  Kh7  22. Rh5  Re3
  23. cxd5  Rxf3+  24. Nxf3
  cxd5  25. Rxd5  Bb6
  26. Rd7  Kg7  27. g4
  Re8  28. g5  hxg5
  29. fxg5  fxg5  30. Nxg5
  Re3  31. h4  Kg6
  1/2-1/2

[Event "MCR mladeze 2021 - D12"]
  [Site "Kouty nad Desnou"]
  [Date "2021.06.23"]
  [Round "2"]
  [White "Stehlikova, Vanessa"]
  [Black "Brezikova, Beata"]
  [Result "0-1"]
  [WhiteElo "1034"]
  [BlackElo "1219"]
  [EventDate "2021.06.22"]
    
  1. e4  e5  2. f4  exf4
  3. Nf3  d5  4. d3
  dxe4  5. dxe4  Qxd1+
  6. Kxd1  Nf6  7. Nc3
  c6  8. Bxf4  Bc5
  9. Bd3  Be6  10. h3
  h6  11. h4  Ng4
  12. Ke2  h5  13. Rhf1  Bc8
  14. a3  Nd7  15. e5
  Nb6  16. b4  Be7
  17. Ne4  Nd5  18. Bg5
  Bxg5  19. Nd6+  Ke7
  20. Nxg5  f6  21. Ngf7
  Rf8  22. Bf5  Bxf5
  23. Nxf5+  Kxf7  24. Nd6+
  Ke6  25. Nc4  Nxe5
  26. Nxe5  fxe5  27. Rfe1
  Nf4+  28. Kf3  Nd3+
  29. Ke2  Nxe1  30. Rxe1
  Rad8  31. Ke3  Rf4
  32. g3  Rg4  33. Rg1
  Rdd4  34. c3  Rde4+
  35. Kd3  Rg6  36. Kxe4
  Rg4+  37. Kf3  e4+
  38. Ke3  b5  39. Re1
  Ke5  40. Rc1  Rxg3+
  41. Kf2  Rf3+  42. Ke2
  Kf4  43. Rg1  Rxc3
  44. Rxg7  Rxa3  45. Rf7+
  Kg4  46. Re7  e3
  47. Rc7  Kxh4  48. Rxc6
  a6  49. Re6  Kh3
  50. Re4  h4  51. Rf4
  Kg3  52. Rf3+  Kg4
  53. Rf1  Ra4  54. Rg1+
  Kh5  55. Kxe3  Rxb4
  56. Rg8  a5  57. Rh8+
  Kg4  58. Rg8+  Kh3
  59. Kd3  a4  60. Kc3
  Rb3+  61. Kc2  Kh2
  62. Rg4  h3  63. Rg6
  Kh1  64. Kc1  a3
  65. Kc2  Rb2+  66. Kc1
  b4  67. Rd6  h2
  68. Rg6  b3  69. Rg7  Rg2
  70. Rb7  a2  71. Rxb3
  a1=Q+  72. Rb1  Qc3+
  73. Kd1  Qd2#  0-1

[Event "MCR mladeze 2021 - D12"]
  [Site "Kouty nad Desnou"]
  [Date "2021.06.23"]
  [Round "2"]
  [White "Mikesova, Lenka"]
  [Black "Buchtova, Viktorie"]
  [Result "1-0"]
  [WhiteElo "1010"]
  [BlackElo "1432"]
  [EventDate "2021.06.22"]
    
  1. e4  c5  2. Nf3  Nc6
  3. d4  cxd4  4. Nxd4
  Nf6  5. Nc3  g6
  6. Bc4  Bg7  7. f3  O-O
  8. Be3  d6  9. Qd2
  Bd7  10. O-O-O  a6
  11. a3  Rc8  12. Ba2
  Ne5  13. g4  b5
  14. h4  Nc4  15. Bxc4  Rxc4
  16. h5  Qb8  17. hxg6
  fxg6  18. Bh6  b4
  19. axb4  Qxb4  20. Bxg7
  Kxg7  21. Qh6+  Kf7
  22. g5  Rb8  23. Nb3
  Rxc3  24. bxc3  Qxc3
  25. gxf6  Rxb3  26. Qg7+
  Ke6  27. Qxe7# 1-0

[Event "MCR mladeze 2021 - D12"]
  [Site "Kouty nad Desnou"]
  [Date "2021.06.23"]
  [Round "2"]
  [White "Kaplanova, Dominika"]
  [Black "Dorazilova, Kristyna"]
  [Result "1/2-1/2"]
  [WhiteElo "1158"]
  [BlackElo "1105"]
  [EventDate "2021.06.22"]
    
  1. e4  d6  2. d4  Nf6
  3. Nc3  Nbd7  4. Nf3
  e5  5. dxe5  Nxe5
  6. Nxe5  dxe5  7. Qxd8+
  Kxd8  8. Bc4  Be6
  9. Bxe6  fxe6  10. Bg5
  c6  11. O-O-O+  Kc7
  12. f4  Bd6  13. Rhf1
  Rhf8  14. fxe5  Bxe5
  15. Bf4  Bxf4+  16. Rxf4
  Nh5  17. Rh4  g6
  18. g4  Rf4  19. Ne2
  Rxe4  20. Ng3  Nxg3
  21. Rxh7+  Kb6  22. hxg3
  Rxg4  23. Re1  Rxg3
  24. Rxe6  Rd8  25. b3
  Rg1+  26. Kb2  g5
  27. Ree7  Rb8  28. Reg7
  g4  29. Rh4  Kb5
  30. Rgxg4  Rxg4  31. Rxg4
  a5  32. Rc4  Rd8
  33. a4+  Kb6  34. Rc3
  Rd5  35. Re3  Rd7
  36. Re5  Rd5  37. Re4
  Kc5  38. Rc4+  Kd6
  39. Rh4  Re5  1/2-1/2

[Event "MCR mladeze 2021 - D12"]
  [Site "Kouty nad Desnou"]
  [Date "2021.06.23"]
  [Round "2"]
  [White "Horkova, Tereza"]
  [Black "Bouchalova, Kveta"]
  [Result "1-0"]
  [WhiteElo "1230"]
  [BlackElo "1230"]
  [EventDate "2021.06.22"]
    
  1. e4  e5  2. Nf3  Nc6
  3. Bc4  Nf6  4. Ng5
  d5  5. exd5  b5
  6. Bf1  Nxd5  7. Bxb5  Bb7
  8. Qf3  Qxg5  9. Qxd5
  Qf6  10. Nc3  Qd6
  11. Bc4  Qxd5  12. Bxd5
  f6  13. Nb5  Kd7
  14. d3  a6  15. Nc3
  Rb8  16. Be3  Bb4
  17. O-O-O  Nd4  18. Bxb7
  Rxb7  19. Bxd4  exd4
  20. Nd5  Bd6  21. g3
  Rf8  22. Nf4  g5
  23. Ne2  Bc5  24. c3
  dxc3  25. Nxc3  Bxf2
  26. Rhf1  Be3+  27. Kc2
  Rfb8  28. b3  Rb6
  29. d4  g4  30. Kd3
  Bg5  31. Ne4  Re8
  32. Nxg5  fxg5  33. Rf7+
  Re7  34. Rxe7+  Kxe7
  35. Rc1  Kd6  36. Rc5
  h6  37. Ke4  Rb4
  38. Ra5  Rb5  39. Rxa6+
  c6  40. Ra7  c5
  41. Ra6+  Kc7  42. Rxh6  cxd4
  43. Kxd4  Rf5  44. a4
  Rf3  45. Kc4 1-0

[Event "MCR mladeze 2021 - D12"]
  [Site "Kouty nad Desnou"]
  [Date "2021.06.23"]
  [Round "2"]
  [White "Sochorova, Valentyna"]
  [Black "Svacinova, Valentyna"]
  [Result "0-1"]
  [WhiteElo "1053"]
  [BlackElo "1128"]
  [EventDate "2021.06.22"]
    
  1. e4  e5  2. Nf3  Nc6
  3. Bb5  a6  4. Ba4
  b5  5. Bb3  Nf6
  6. O-O  Bc5  7. c3  d6
  8. d4  Bb6  9. Bg5
  exd4  10. Nxd4  Ne5
  11. Nd2  Bb7  12. Re1
  Nd3  13. Re3  Nxb2
  14. Qc2  Nc4  15. Nxc4
  bxc4  16. Ba4+  c6
  17. Nxc6  Bxc6  18. Bxc6+
  Ke7  19. Bxf6+  gxf6
  20. Bxa8  Bxe3  21. fxe3
  Qxa8  22. Qa4  Qxe4
  23. Kf2  Rg8  24. g3
  Rg5  25. Re1  Rf5+
  26. Kg1  Qf3  27. Qc2
  h5  28. e4  Rg5
  29. Qe2  Qxc3  30. Qe3  Qxe3+
  31. Rxe3  Rc5  32. Rc3
  Ke6  33. Kf2  Ke5
  34. Ke3  f5  35. exf5
  d5  36. Kd2  d4
  37. Rc1  c3+  38. Kd3  Rd5
  39. h3  Kxf5  40. Rf1+
  Ke5  41. Re1+  Kd6
  42. Rc1  Kc5  43. Rc2
  Re5  44. Rf2  Re3+
  45. Kc2  Kc4  46. Rg2
  d3+  47. Kb1  Re1#
  0-1

[Event "MCR mladeze 2021 - D12"]
[Site "Kouty nad Desnou"]
[Date "2021.06.24"]
[Round "3"]
[White "Brezikova, Beata"]
[Black "Zadrapova, Amalie"]
[Result "0-1"]
[WhiteElo "1219"]
[BlackElo "1471"]
[EventDate "2021.06.22"]

1. e4  c5  2. Nf3  d6
3. d4  cxd4  4. Nxd4
Nf6  5. Nc3  a6
6. f3  e6  7. Be3  Be7
8. Qd2  b5  9. a3
Qc7  10. O-O-O  Nbd7
11. g4  Ne5  12. h4
Nc4  13. Bxc4  Qxc4
14. Kb1  Bd7  15. h5
Rb8  16. g5  b4
17. axb4  Qxb4  18. Nb3  Ng8
19. g6  a5  20. Na2
Qxd2  21. Nxd2  Bf6
22. c3  Bb5  23. Rdg1
Ne7  24. Kc1  hxg6
25. hxg6  Nxg6  26. Rxh8+
Nxh8  27. Rh1  Ng6
28. Kc2  Ke7  29. Rh5
Be5  30. Bg5+  Kd7
31. Rh1  Nf4  32. Nc1
Kc6  33. Rh4  Ng2
34. Rh1  Bf4  35. Bxf4
Nxf4  36. Rh7  Rg8
37. Ndb3  Kb6  38. Nd2
d5  39. exd5  exd5
40. Ncb3  Bd3+  41. Kd1
Bxh7  0-1

[Event "MCR mladeze 2021 - D12"]
[Site "Kouty nad Desnou"]
[Date "2021.06.24"]
[Round "3"]
[White "Mikesova, Lenka"]
[Black "Rybackova, Lucie"]
[Result "0-1"]
[WhiteElo "1010"]
[BlackElo "1372"]
[EventDate "2021.06.22"]

1. e4  c5  2. Nf3  d6
3. d4  cxd4  4. Nxd4
Nf6  5. Nc3  g6
6. Be3  Bg7  7. f3  O-O
8. Qd2  Nc6  9. O-O-O
Bd7  10. Bc4  Rc8
11. Bb3  Ne5  12. g4
b5  13. Ndxb5  Nxf3
14. Qf2  Bxg4  15. Nxa7
Rxc3  16. bxc3  Nxe4
17. Qg2  Qa5  18. Rd3
Nxc3  19. a4  Qb4
20. Rxc3  Qxc3  21. Kd1
Qxe3  0-1

[Event "MCR mladeze 2021 - D12"]
[Site "Kouty nad Desnou"]
[Date "2021.06.24"]
[Round "3"]
[White "Barteckova, Valerie"]
[Black "Horkova, Tereza"]
[Result "0-1"]
[WhiteElo "1292"]
[BlackElo "1230"]
[EventDate "2021.06.22"]

1. e4  c5  2. Nf3  e6
3. Nc3  Nc6  4. d4
cxd4  5. Nxd4  Nf6
6. Ndb5  Bb4  7. a3
Bxc3+  8. Nxc3  d5
9. exd5  exd5  10. Bd3
O-O  11. O-O  d4
12. Ne2  Bg4  13. Bg5
Qd6  14. f3  Bh5
15. Ng3  Bg6  16. Bxf6
Qxf6  17. Ne4  Bxe4
18. Bxe4  Rad8  19. Qe2
Rfe8  20. Rae1  Qh6
21. Qd3  Re6  22. Re2
Qh5  23. Rfe1  Rh6
24. h3  Kf8  25. Bxc6
Rxc6  26. Qxd4  Qc5
27. Qxc5+  Rxc5  28. Kf2
Rdc8  29. c3  g6
30. Rd2  R5c7  31. Re4
f5  32. Red4  Ke7
33. Re2+  Kf7  34. g4
fxg4  35. hxg4  Rf8
36. Ree4  Kg7  37. Ke3
Rcf7  38. Rf4  Rxf4
39. Rxf4  Rxf4  40. Kxf4
h6  41. Ke5  Kf7
42. b4  b5  43. Kf4
Ke6  44. Ke4  Kd6
45. f4  Ke6  46. f5+
gxf5+  47. gxf5+  Kf6
48. Kd5  Kxf5  49. Kc5
h5  50. Kxb5  h4
51. Ka6  h3  52. Kxa7
h2  53. c4  h1=Q
54. b5  Qc1  55. b6
Qxa3+  56. Kb8  Qd6+
57. Ka7  Qc5  58. Kb7
Qxc4  59. Ka7  Qa4+
60. Kb8  Ke6  61. b7
Kd6  0-1

[Event "MCR mladeze 2021 - D12"]
[Site "Kouty nad Desnou"]
[Date "2021.06.24"]
[Round "3"]
[White "Hladka, Leontyna"]
[Black "Slivova, Linda"]
[Result "0-1"]
[WhiteElo "1127"]
[BlackElo "1150"]
[EventDate "2021.06.22"]

1. e4  d5  2. exd5  Qxd5
3. Nf3  Nf6  4. Nc3
Qd6  5. d4  c6
6. Bc4  Bg4  7. Be3  e6
8. Bb3  Be7  9. O-O
O-O  10. Re1  Nbd7
11. a3  Bd8  12. Bg5
Bc7  13. Ne4  Nxe4
14. Rxe4  Bxf3  15. gxf3
Qxh2+  16. Kf1  Qh5
17. Bd2  Nf6  18. Re1
Rfd8  19. c3  Nd5
20. Ke2  Nf4+  21. Bxf4
Bxf4  22. Rh1  Qf5
23. Rb1  h6  24. Bc2
Qb5+  25. Ke1  e5
26. Rh5  Re8  27. Be4
Qb6  28. dxe5  Bxe5
29. Kf1  Rad8  30. Qc2
Bf4  31. Rd1  Rxd1+
32. Qxd1  Rd8  33. Qe1
Qb3  34. Kg2  Rd1
35. Qe2  Rd2  36. Qe1
Qxb2  0-1

[Event "MCR mladeze 2021 - D12"]
[Site "Kouty nad Desnou"]
[Date "2021.06.24"]
[Round "3"]
[White "Dorazilova, Kristyna"]
[Black "Stehlikova, Vanessa"]
[Result "1-0"]
[WhiteElo "1105"]
[BlackElo "1034"]
[EventDate "2021.06.22"]

1. e4  e5  2. Nf3  Nf6
3. Nxe5  d6  4. Nf3
Nxe4  5. Qe2  d5
6. d3  Bf5  7. dxe4
dxe4  8. Nfd2  Qe7
9. Qb5+  Bd7  10. Qxb7
Bc6  11. Qc8+  Qd8
12. Qxd8+  Kxd8  13. Bc4
f5  14. Nb3  Nd7
15. Nd4  Bb7  16. Bg5+
Nf6  17. Ne6+  Kd7
18. O-O  Bd6  19. Rd1
h6  20. Bf4  g5
21. Bxd6  cxd6  22. Nc5+  Kc7
23. Nxb7  Kxb7  24. Rxd6
Ne8  25. Rg6  Nc7
26. Nc3  Rad8  27. Bb3 f4
28. Nxe4  Rd4  29. Nc5+
Ka8  30. Rg8+  Rxg8
31. Bxg8  Rd8  32. Bh7
a6  33. a4  Ka7
34. a5  Rd5  35. b4  Nb5
36. c4  Rd4  37. cxb5
axb5  38. Rb1  Rd2
39. Bd3  Kb8  40. Bxb5
Rd5  41. Bc6  1-0

[Event "MCR mladeze 2021 - D12"]
[Site "Kouty nad Desnou"]
[Date "2021.06.24"]
[Round "3"]
[White "Lackova, Ludmila"]
[Black "Kammova, Katerina"]
[Result "0-1"]
[WhiteElo "1013"]
[BlackElo "1121"]
[EventDate "2021.06.22"]

1. d4  e6  2. c4  d5
3. cxd5  exd5  4. Nc3
Nf6  5. Bg5  Be7
6. e3  O-O  7. Bd3
Nbd7  8. Nge2  b6
9. O-O  c5  10. dxc5
bxc5  11. Qc2  h6
12. Bxf6  Nxf6  13. Rae1
Qd7  14. a3  c4
15. Bf5  Qxf5  16. Qxf5  Bxf5
17. Nd4  Bd3  18. Nce2
Bc5  19. g3  Bxd4
20. exd4  Rfe8  21. Nf4
Bxf1  22. Rxf1  Rab8
23. Rb1  g5  24. Ng2
Re2  25. b4  cxb3
26. Ne3  b2  27. Kf1
Rd2  28. Ke1  Rxd4
29. Ke2  Ra4  30. Nd1
Rxa3  31. Kd2  Ra1
32. Kc2  Rxb1  33. Kxb1
Kf8  34. Nxb2  Rxb2+
35. Kxb2  Ke7  36. Kc3
Kd6  37. Kd4  a5
38. Kc3  Kc5  39. f3
a4  40. h3  d4+
41. Kb2  Kb4  42. Kc2  Kc4
43. Kb2  d3  44. Ka3
d2  45. Kxa4  d1=Q+
46. Ka5  Qb1  47. Ka6
Kc5  48. Ka7  Kc6
49. Ka8  Qb7#  0-1

[Event "MCR mladeze 2021 - D12"]
[Site "Kouty nad Desnou"]
[Date "2021.06.24"]
[Round "3"]
[White "Stavova, Lucie"]
[Black "Kaplanova, Dominika"]
[Result "1/2-1/2"]
[WhiteElo "1105"]
[BlackElo "1158"]
[EventDate "2021.06.22"]

1. e4  e5  2. Nf3  Nc6
3. Nc3  Nf6  4. d4
exd4  5. Nxd4  Bc5
6. Nxc6  bxc6  7. Bg5
h6  8. Bh4  g5
9. Bg3  d5  10. e5  Qe7
11. Qe2  Nd7  12. O-O-O
a5  13. Na4  Ba6
14. Qf3  O-O  15. Bxa6
Rxa6  16. Rhe1  Bb6
17. Qh5  Kh7  18. Qf3
Raa8  19. Qd3+  Kg8
20. f4  f5 21. exf6  Qxf6
22. Rf1  Nc5  23. Nxc5
Bxc5  24. fxg5  Qxg5+
25. Kb1  Bd6  26. Rxf8+
Rxf8  27. Be1  Qxg2
28. Bc3  Qe4  29. Qh3
Qg6  30. Bxa5  Rf2
31. Qc3  c5  32. Rc1
Rxh2  33. Qe3  d4
34. Qb3+  Qf7  35. Qa4
h5  36. Rg1+  Kh7
37. Qc6  Qf5  38. Qa4
Rf2  39. Qc4  Qf7
40. Qd3+  Qf5  41. Qc4
Qf7  42. Qd3+  Qf5
43. Qc4  Qf7  1/2-1/2